|
|
|
|
| LEADER |
00000nam a22000007a 4500 |
| 005 |
20210830221338.0 |
| 007 |
cr|||| |||| |
| 008 |
210830s2004 ca |||||s|||| 00||0 eng d |
| 020 |
|
|
|a 9781459313323
|
| 035 |
|
|
|a 35268
|
| 040 |
|
|
|a vLex
|
| 090 |
|
|
|c 12158
|d 12158
|
| 100 |
1 |
|
|a Tjaden, Ted
|
| 245 |
1 |
0 |
|a Legal research and writing
|h [Recurso electrn̤ico] /
|c Ted Tjaden
|
| 250 |
|
|
|a Segunda Edicin̤
|
| 256 |
|
|
|a Servicio en ln̕ea
|
| 260 |
|
|
|a Toronto:
|b Irwin Law Inc.,
|c 2004
|
| 300 |
|
|
|a 1 recurso electrn̤ico
|
| 506 |
1 |
|
|a Disponible solo en los productos indicados
|d vLex Global
|d vLex Global (Academic Edition, excluding Law Schools)
|d vLex Global (U.S. Academic Edition, Law Schools)
|d vLex Global (U.S. Academic Edition, excluding Law Schools)
|d vLex Global (Academic Edition, Law Schools)
|
| 650 |
0 |
4 |
|a Derecho Constitucional
|z Canad̀
|
| 740 |
0 |
|
|a vLex Libros (Servicio en ln̕ea)
|
| 856 |
4 |
0 |
|u https://app.vlex.com/#/sources/35268
|z Acceso restringido
|
| 942 |
|
|
|c BOOK
|
| 999 |
0 |
|
|a Constitutional right
|